| 000 | 00692nam0a22002531 4500 | ||
|---|---|---|---|
| 001 | RU\NLR\INFOCOMM10\ROSSICA\1000019517 | ||
| 005 | 20250613192419.0 | ||
| 035 | _a(NLR Aleph) 009951025 | ||
| 090 |
_a10787257 _c10787257 |
||
| 100 | _a20030908d1877 |||y0rusy50 ca | ||
| 101 | 1 |
_ager _crus |
|
| 102 | _aRU | ||
| 105 | _ay ||||000ay | ||
| 200 | 1 |
_aDie russische Politik in der Orientalische Frage _fF.Martens |
|
| 210 |
_aSt.Petersburg _d1877 |
||
| 215 | _d8° | ||
| 700 | 1 |
_aMartens _bF.F. _f1845-1909 _gFedor Fedorovič _4070 |
|
| 801 | 1 |
_aRU _bInfoComm _c20030908 |
|
| 801 | 0 |
_aRU _bNLR _gPSBO |
|
| 852 |
_aNLR _j14.23.7.63 |
||
| 942 | _cBOOK | ||
| 980 | _aNB | ||
| 980 | _aRossica | ||